000 00759nam a2200277Ia 4500
003 OSt
005 20220912151027.0
006 a|||||r|||| 00| 0
007 ta
008 220909b |||||||| |||| 00| 0 eng d
020 _a0521469317 (pbk)
024 _a3305
037 _bNavayug,
037 _cTextual
040 _aCSL
_beng
_cCSL
041 _aeng
082 _aB9, N4
100 _aPasachoff Jay M^eand REFs
245 0 _aFarthest things in the universe
260 _aCambridge
_bCambridge University Press
_c1994
300 _ax,104p
500 _aBibliographical references 97-99p; Index 101-104p
650 _aAstronomy
942 _hB9, N4
_cTEXL
_2CC
999 _c59618
_d59618